Garden City Project, Kansas; structures : Drawings accompanying specifications.

Bibliographic Details
Format: Government Document eBook
Language:English
Published: Washington, D.C. : [publisher not identified], 1906.
Series:Reclamation Service Drawings Accompanying Specifications No. [113
Subjects:
Online Access:Connect to the full text of this electronic document

MARC

Tag First Indicator Second Indicator Subfields
LEADER 00000cam a22000001a 4500
001 in00003632607
005 20190408171429.0
006 m o d f
007 cr bn mmmapmmp
008 010108s1906 dcu o f000 0 eng d
035 |a ebd1909303394 
040 |a UMI  |c UMI  |d UtOrBLW 
043 |a n-us--- 
086 0 |a I 27.9:[113] 
099 |a I2709-113 
245 0 0 |a Garden City Project, Kansas; structures :  |b Drawings accompanying specifications. 
264 1 |a Washington, D.C. :  |b [publisher not identified],  |c 1906. 
300 |a 1 online resource (11 ovolumes) 
336 |a text  |b txt  |2 rdacontent 
337 |a computer  |b c  |2 rdamedia 
338 |a online resource  |b cr  |2 rdacarrier 
490 0 |a Reclamation Service Drawings Accompanying Specifications No. [113 
500 |a Record is based on bibliographic data in ProQuest U.S. Executive Branch Documents, 1789-1909. Reuse except for individual research requires license from ProQuest, LLC. 
533 |a Electronic reproduction.  |b [Bethesda, Md.] :  |c ProQuest,  |d 2012.  |e digital, PDF file.  |n ProQuest U.S. Executive Branch Documents, 1789-1909.  |n Mode of access: World Wide Web via ProQuest website. 
538 |a System requirements: PDF reader software. 
500 |a Electronic resource. 
610 2 0 |a Garden City Project (U.S.)  |0 http://id.loc.gov/authorities/names/nr2001005639 
650 0 |a Industrial development projects  |z Kansas. 
655 7 |a Electronic books.  |2 local 
776 1 8 |i Microfiche version:  |t Garden City Project, Kansas; structures  |o CIS US Exec MF I2709-113  |w (ProQuest)cis19032497 
856 4 0 |u http://proxy.library.tamu.edu/login?url=http://congressional.proquest.com/congressional/docview/t66.d71.i2709-113  |z Connect to the full text of this electronic document  |t 0 
999 f f |s 4c4d1370-2da5-3bff-a1e6-cb9ae828fc24  |i b5b05d59-e0d5-36a0-acc3-696436711cf6  |t 0 
952 f f |a Texas A&M University  |b College Station  |c Electronic Resources  |d Available Online  |t 0  |h No information provided 
998 f f |t 0  |l Available Online